Which Hoffman? Quiz Stats

 Plays Quiz not verified by Sporcle

Score 0/31 Timer 04:00
0 Plays Today
Hint Answer % Correct
...has been in more movies with Jude Law????
98.1%
...was nominated for Best Actor Oscar 7 times????
96.3%
...has portrayed characters named Vito, Mumbles, and Ratso????
94.4%
...won 2 Best Actor Oscars????
92.6%
Which HOFFMAN... ...is taller????
90.7%
...won a Best Actor Oscar for portraying Truman Capote????
90.7%
...was in an episode of The Simpsons????
88.9%
...was nominated for Best Supporting Actor Oscar 3 times????
87%
...has appeared in 5 of Paul Thomas Anderson's feature films????
87%
...has portrayed characters named Brandt, Mitch, and Scotty????
85.2%
...has portrayed characters named Michael Dorsey, Babe, and Jack Crabb????
83.3%
...has been in more movies with Gwyneth Paltrow????
79.6%
...has appeared in 4 Barry Levinson films???
79.6%
...directed the film 'The Quartet'????
77.8%
...was in an episode of Law & Order????
77.8%
...has been in more movies with Robert De Niro????
77.8%
Hint Answer % Correct
...has been in movies with Al Pacino, Tom Hanks, Matt Damon, George Clooney ...and Tom Cruise????
75.9%
...said: 'A good review from the critics is just another stay of execution.'???
75.9%
...has acted in a movie rated lowest on IMDB????
72.2%
...said: 'My love for the theater has always been a priority. That hasn't changed. I got into acting that way. The film work that came up was really a surprise.'???
72.2%
...has been in movies with Cate Blanchett, John Goodman, Burt Reynolds ...and Tom Cruise????
72.2%
...has portrayed characters named The Count, Lester Bangs, and Phil Parma????
72.2%
...had a debut as film director for 'Jack Goes Boating'????
68.5%
...said: 'I decided to become an actor because I was failing in school and I needed the credits.'???
68.5%
...has been in movies with Bill Murray, Robin Williams, Brad Pitt ...and Tom Cruise????
63%
...has been in movies with Queen Latifah, Owen Wilson, Will Ferrell ...and Tom Cruise????
61.1%
...said: 'I have a fine level of recognition in the business and among the acting community now, so I consider myself one of the lucky ones.' ???
53.7%
...has been in movies with Meryl Streep, Edward Norton, Anthony Hopkins ...and Tom Cruise? ???
51.9%
...said: 'The foibles of my body are pretty much out there in the work I do.'???
48.1%
...has been in movies with Mark Wahlberg, William H Macy, Madonna ...and Tom Cruise????
42.6%
...has acted in a movie rated highest on IMDB? ???
40.7%

You're not logged in!

Compare scores with friends on all Sporcle quizzes.
OR
Log In

You Might Also Like...

Show Comments

Extras

Top Quizzes Today


Score Distribution

Your Account Isn't Verified!

In order to create a playlist on Sporcle, you need to verify the email address you used during registration. Go to your Sporcle Settings to finish the process.

Report this User

Report this user for behavior that violates our Community Guidelines.

Details: